ARRUPE JESUIT UNIVERSITY

CORONAVIRUS -STOP THE SPREAD - CLEAN,DISINFECT,COVER

Native Life in South Africa / (Record no. 25192)

MARC details
000 -LEADER
fixed length control field 00566nam a2200217Ia 4500
003 - CONTROL NUMBER IDENTIFIER
control field 0100
005 - DATE AND TIME OF LATEST TRANSACTION
control field 20180226103553.0
008 - FIXED-LENGTH DATA ELEMENTS--GENERAL INFORMATION
fixed length control field 130303s9999 xx 000 0 und d
020 ## - INTERNATIONAL STANDARD BOOK NUMBER
International Standard Book Number 0869754661
040 ## - CATALOGING SOURCE
Transcribing agency ARRUPELIB
050 ## - LIBRARY OF CONGRESS CALL NUMBER
Classification number DT763.P7 1995
300 ## - PHYSICAL DESCRIPTION
Other physical details 18cm.
100 ## - MAIN ENTRY--PERSONAL NAME
Personal name Plaatje, Solomon Tshekisho
9 (RLIN) 39543
245 ## - TITLE STATEMENT
Title Native Life in South Africa /
260 ## - PUBLICATION, DISTRIBUTION, ETC. (IMPRINT)
Place of publication, distribution, etc Randburg
Name of publisher, distributor, etc Ravan Press
Date of publication, distribution, etc 1995
300 ## - PHYSICAL DESCRIPTION
Extent 437p.
440 ## - SERIES STATEMENT/ADDED ENTRY--TITLE
Title Ravan Writers Series
9 (RLIN) 39544
650 ## - SUBJECT ADDED ENTRY--TOPICAL TERM
Topical term or geographic name as entry element Indigenous peoples
Geographic subdivision South Africa
9 (RLIN) 13358
650 ## - SUBJECT ADDED ENTRY--TOPICAL TERM
Topical term or geographic name as entry element South Africa
General subdivision History
-- Rebellion 1914-1915
9 (RLIN) 39545
650 ## - SUBJECT ADDED ENTRY--TOPICAL TERM
Topical term or geographic name as entry element Land tenure
General subdivision Law and legislation
Geographic subdivision South Africa
9 (RLIN) 39546
942 ## - ADDED ENTRY ELEMENTS (KOHA)
Source of classification or shelving scheme Library of Congress Classification
Koha item type Monograph ( Printed materials)
Holdings
Withdrawn status Lost status Source of classification or shelving scheme Damaged status Not for loan Collection code Home library Current library Shelving location Date acquired Total Checkouts Full call number Barcode Date last seen Copy number Price effective from Koha item type
    Library of Congress Classification     Main Collection ARRUPE LIBRARY ARRUPE LIBRARY Main Collection 04/03/2013   DT763.P7 1995 46003064366 07/12/2017 1 04/03/2013 Monograph ( Printed materials)
    Library of Congress Classification     Main Collection ARRUPE LIBRARY ARRUPE LIBRARY Main Collection 28/09/2016   DT763.P7 1995 46500010047 07/12/2017 2 28/09/2016 Monograph ( Printed materials)

 

Arrupe Library. PO Box MP320 Mt Pleasant, Harare, Zimbabwe
263 242 745411|librarian@aju.ac.zw